[Event "RUS-ch Rapid Men 2018"]
[Site "Sochi"]
[Date "2018.10.06"]
[Round "11"]
[White "Ponkratov, Pavel"]
[Black "Khanin, Semen"]
[Result "0-1"]
[WhiteElo "2628"]
[BlackElo "2510"]
[Annotator "TA"]
[PlyCount "176"]
[EventDate "2018.10.05"]
[EventType "swiss"]
[EventCountry "RUS"]
[SourceTitle "playchess.com"]
[Source "ChessBase"]
[SourceQuality "1"]

{[%evp 9,176,8,11,0,2,-13,4,8,13,17,12,12,40,39,42,41,59,56,77,79,83,83,87,60,64,68,85,74,89,81,79,64,78,90,93,93,110,94,108,106,96,97,102,101,108,97,135,141,197,171,252,100,128,109,102,118,133,147,135,140,147,135,137,88,154,123,114,85,99,59,58,0,-3,-35,-29,-84,-75,-87,-94,-94,-80,-88,-99,-100,-84,-99,-99,-131,-132,-115,-108,-100,-16,-339,-337,-284,-336,-1782,-2380,-2179,-987,-883,-802,-29967,-29970,-29972,-29973,-29972,-29973,-29973,-29974,-29969,-257,-257,-257,-257,-257,-257,-257,-257,-257,-257,-257,-359,-359,-359,-359,-359,-359,-359,-359,-359,-359,-359,-359,-359,-264,-2264,-2746,-1337,-412,-412,-359,-29967,-2322,-4337,-1433,-426,0,-29977,-29976,-29976,-29976,-29975,0,-29965,-29968,-29975,-29968,-29984,-29985,-29985,-29986,-29986,-29987,-29987,-29988,-29988,-29989]} 1. d4 Nf6 2. Bg5 e6 3. Nf3 h6 4. Bh4 Be7 5. Nbd2 d5 {LiveBook: 27 Games} 6. c4 {A46: 1 d4 Nf6 2 Nf3 e6: Torre, London and Colle Systems} (6. e3 c5 7. c3 Nc6 8. Bd3 b6 9. Bb5 Bd7 10. O-O O-O 11. Qe2 Ne4 12. Bxe7 Nxe7 13. Nxe4 dxe4 14. Nd2 Bxb5 15. Qxb5 f5 16. Nb3 Ng6 {0-1 (36) So,W (2815)-Giri,A (2785) chess.com INT 2017}) 6... O-O 7. Qc2 Nbd7 8. cxd5 {The position is equal.} exd5 9. e3 c5 10. dxc5 $146 ({Predecessor:} 10. Bd3 c4 11. Be2 b5 12. O-O Re8 {½-½ (38) Giering,G (1475)-Holland,A (1731) Nuremberg 2006}) 10... Bxc5 11. Bd3 Be7 12. O-O $36 {[%mdl 2048] White fights for an advantage.} Re8 13. Rac1 Ne4 14. Bxe4 dxe4 15. Qxe4 Nf6 16. Qd4 Qa5 17. a3 Be6 18. Qd3 Bf5 19. Qe2 Rad8 {Threatens to win with ...Bd3.} 20. Nb3 Qb6 {White must now prevent ...Bd3.} 21. Nbd4 Be4 22. Rfd1 a6 23. Bg3 Nd5 24. Nd2 Bg6 25. Nc4 Qf6 26. Qf3 Qxf3 27. gxf3 Bh5 28. Kg2 Bc5 (28... Bg6 $16 29. h4 Rc8) 29. b4 Bf8 (29... Bxd4 $142 30. Rxd4 Re6) 30. Na5 $2 (30. e4 $18 {and White stays clearly on top.}) 30... Rd7 $16 31. Nf5 Red8 32. Rd4 Bg6 33. Nd6 $1 Bxd6 34. Rxd5 Be7 35. Rxd7 Rxd7 36. Be5 Bg5 (36... Rd3 $142) 37. Rc8+ Kh7 38. Bd4 Bd3 39. Rb8 Rd6 $1 {[%cal Rd6g6]} 40. f4 ({Don't go for} 40. Nxb7 $2 Rg6 $17) (40. Be5 $14 Rg6 41. Bg3) 40... Bxf4 $1 $11 41. exf4 (41. Kf3 {seems wilder.} Bxh2 42. Rxb7 f6 43. Re7 Rd5 44. Nb7) 41... Rxd4 42. Nxb7 {[%mdl 4096] Endgame KRB-KRN} (42. f3 $11 {keeps the balance.}) 42... Be4+ $17 43. f3 Rd2+ $1 44. Kg3 Rd3 45. Nc5 Rxf3+ 46. Kg2 Rxf4+ 47. Nxe4 Rxe4 {KR-KR} 48. Rb6 {[#]} a5 $1 {[%mdl 512]} 49. bxa5 Ra4 50. a6 Rxa3 ({Black should play} 50... g5 $17) 51. h4 $2 {[%mdl 8192]} (51. Rb7 $1 $11 {and White stays safe.}) 51... f6 $19 52. Kh2 Kg6 53. Kg2 $2 (53. Rb7 Rxa6 54. h5+ $1 {[%mdl 512]} Kh7 55. Kh3) 53... Kh5 54. Rb7 g6 (54... g5 $142 55. hxg5 hxg5) 55. Rb6 f5 56. Rc6 g5 57. hxg5 hxg5 58. Kf2 Kg4 59. Ke2 f4 60. Kd2 Kg3 $2 (60... f3 61. Rg6 Kh4 62. Rf6 g4 63. Kc2 Kg5 64. Rf8 Rxa6 65. Rf7 Rf6 66. Rg7+ Kh5 67. Kb2 f2 68. Rh7+ Kg5 69. Rg7+ Kf4 70. Ra7 f1=Q 71. Ra4+ Ke3 72. Ra3+ Kd2 73. Rc3 Rb6+ 74. Rb3 Qc1+ 75. Ka2 Ra6+ 76. Ra3 Rxa3#) 61. Rc3+ Rxc3 62. Kxc3 {KPP-KP} f3 {And now ...f2 would win.} 63. a7 {Intending Kd3 and mate.} f2 64. a8=Q f1=Q {KQ-KQ} 65. Kb4 g4 66. Kc5 Qf2+ 67. Kb5 Qe2+ 68. Kc5 Qe3+ 69. Kb5 Kf2 70. Qf8+ Ke2 71. Qa8 g3 72. Qg2+ Ke1 {...Qe2+ is the strong threat.} 73. Ka4 $2 (73. Kc6) 73... Qd4+ 74. Kb5 Qf2 75. Qc6 Qe2+ 76. Kb4 $2 (76. Kb6 $19) 76... Qd2+ (76... g2 $142 77. Qc1+ Kf2 78. Qf4+ Qf3 79. Qd4+ Qe3 80. Qh4+ Kf1 81. Qc4+ Ke1 82. Qh4+ Kf1 83. Qc4+ Ke1 84. Ka4 g1=Q 85. Qb4+ Qd2 86. Qe4+ Qge3 87. Qh4+ Kd1 88. Qh1+ Kc2 89. Qc6+ Qec3 90. Qe4+ Kc1 91. Qh1+ Qd1+ 92. Qxd1+ Kxd1 93. Kb5 Qc7 94. Kb4 Kc2 95. Kb5 Kc3 96. Ka6 Qb8 97. Ka5 Qb7 98. Ka4 Qb4#) 77. Ka4 g2 (77... Qf4+ $142 78. Ka5 Qf5+ 79. Ka4 Qg4+ 80. Ka5 Qf5+ 81. Ka4 Qg4+ 82. Ka5 g2 83. Qc1+ Kf2 84. Qc5+ Kg3 85. Qe3+ Kh4 86. Qe1+ Kh5 87. Qe8+ Qg6 88. Qh8+ Qh6 89. Qe8+ Kh4 90. Qe1+ Kg4 91. Qd1+ Kh4 92. Qe1+ Kg4 93. Qd1+ Kh3 94. Qb3+ Kh2) 78. Qe4+ {[#]} Qe2 $2 (78... Kd1 $1 $19 79. Qb1+ Ke2 80. Qe4+ Kf2 81. Qf5+ Ke1 82. Qe4+ Qe2 83. Qb4+ Qd2 84. Qe4+) 79. Qh4+ $2 {[%mdl 8192]} (79. Qb4+ $11 Kf2 80. Qh4+ Ke3 81. Qh6+ Kd3 82. Qd6+ Kc2 83. Qc5+ Kb2 84. Qa3+ Kb1 85. Qb4+ Kc1 86. Qa3+ Qb2 87. Qe3+ Qd2 88. Qa3+ Kb1 89. Qb3+ Ka1 90. Qg3 Qd4+ 91. Kb5 g1=Q 92. Qxg1+ Qxg1 93. Kc6 Qd4 94. Kb7 Kb2 95. Kb8 Kc3 96. Kc7 Kc4 97. Kb8 Kc5 98. Kc7 Qg7+ 99. Kb8 Kc6 100. Kc8 Qh8#) 79... Kd1 80. Qd4+ Kc2 81. Qc5+ Kd3 $2 (81... Kd2 {mates} 82. Qd4+ Qd3 83. Qg1 Qc2+ 84. Kb5 Kd3 85. Kb6 Qb3+ 86. Ka6 Qc4+ 87. Kb7 Qf7+ 88. Kc8 Qf1 89. Qc5 g1=Q 90. Qa3+ Kc2 91. Qa4+ Kc3 92. Qa3+ Kd4 93. Qd6+ Kc4 94. Qe6+ Kb4 95. Qe4+ Qc4+ 96. Qxc4+ Kxc4 97. Kc7 Qd4 98. Kc6 Qd8 99. Kb7 Kc5 100. Ka7 Kc6 101. Ka6 Qb6#) 82. Qd5+ $2 {[%mdl 8192]} (82. Qd6+ $11 Kc2 83. Qc5+ Kd2 84. Qd4+ Qd3 85. Qg1) 82... Ke3 {Black mates.} 83. Qc5+ Kf4 84. Qd6+ Qe5 85. Qd2+ Kf3 86. Qd1+ Qe2 87. Qb3+ Qe3 88. Qd1+ Kg3 {Precision: White = 42%, Black = 55%.} 0-1

[Event "RUS-ch Rapid Men 2018"]
[Site "Sochi"]
[Date "2018.10.06"]
[Round "11"]
[White "Alekseev, Evgeny"]
[Black "Krylov, Mikhail"]
[Result "1/2-1/2"]
[WhiteElo "2620"]
[BlackElo "2476"]
[Annotator "TA"]
[PlyCount "116"]
[EventDate "2018.10.05"]
[EventType "swiss"]
[EventCountry "RUS"]
[SourceTitle "playchess.com"]
[Source "ChessBase"]
[SourceQuality "1"]

{[%evp 17,116,7,31,13,20,0,3,9,11,0,45,9,39,39,39,39,39,39,46,-63,62,54,49,54,61,64,72,70,52,69,90,0,0,0,0,0,0,0,0,0,0,-11,0,0,8,0,0,0,0,0,20,11,15,3,4,11,45,6,3,6,14,1,6,6,6,6,6,6,6,6,6,6,16,6,8,8,11,6,72,72,78,19,61,25,47,0,6,0,90,80,86,8,8,0,0,0,0,-8,0,0,0]} 1. e4 c5 2. Nf3 e6 3. d4 cxd4 4. Nxd4 Nc6 5. Nc3 Qc7 6. g3 {[%cal Bg2g3,Bg3g4,Bg4g5][%mdl 32]} a6 7. Bg2 Nf6 8. Nb3 Be7 9. O-O {[%cal Bh1f1,Bf1f3,Bf3h3][%mdl 32]} O-O 10. f4 {B47: Sicilian: Taimanov: 5 Nc3 Qc7 6 f4, 6 g3 and 6 Be2} d6 11. g4 b5 (11... Re8 12. g5 Nd7 13. Rf3 Bf8 14. Rh3 g6 15. Qe1 Bg7 16. Qh4 Nf8 17. Be3 {1-0 (30) Alekseev,E (2616)-Ganguly,S (2650) Riadh 2017}) 12. g5 Nd7 13. a3 Re8 14. Rf3 Bf8 15. Rh3 $36 {[%mdl 2048] White fights for an advantage.} g6 16. Qe1 Bg7 17. Be3 Nf8 18. Qh4 (18. Qf2 $14) 18... Ne7 ({Black should play} 18... Bxc3 $1 $15 19. bxc3 e5) 19. Rf1 Bb7 20. Qf2 Rac8 $146 ({Predecessor:} 20... d5) 21. Bb6 Qb8 22. Bd4 Bxd4 23. Nxd4 Qa8 24. f5 (24. Nb3 $16) 24... exf5 $11 25. exf5 Nxf5 26. Nxf5 gxf5 27. Qxf5 Qa7+ 28. Qf2 Qxf2+ 29. Rxf2 Bxg2 30. Kxg2 Re5 31. Rg3 Ne6 32. Rd3 Rxg5+ 33. Kf1 Nc5 34. Rxd6 Rg6 35. Rd5 Kg7 36. Rdf5 f6 37. Nd5 {Strongly threatening Ne7.} Ne4 38. Re2 Rg5 39. Ne7 Rc4 40. b3 Rc5 41. Rxe4 {[#] Rxc5 is the strong threat.} Rgxf5+ 42. Nxf5+ Rxf5+ {[%mdl 4096] Endgame KR-KR} 43. Ke2 Rh5 44. h4 Kg6 45. Ke3 Rc5 46. c4 bxc4 47. Rxc4 Rb5 (47... Ra5 $11) 48. b4 $16 Rb6 49. Rc5 (49. Ke4 $16) 49... Re6+ 50. Kf4 h5 $1 51. Rc3 Rd6 52. Ke4 Re6+ {[#]} (52... Rd1 $11 {keeps the balance.}) 53. Kd5 $1 {[%cal Rd5e6]} Re5+ 54. Kc6 (54. Kd4 $16) 54... f5 $11 {The position is equal.} 55. Rf3 Kf6 56. Kb6 Re6+ 57. Kb7 Rd6 58. Rf1 Ke5 {Precision: White = 41%, Black = 50%.} 1/2-1/2

[Event "RUS-ch Rapid Men 2018"]
[Site "Sochi"]
[Date "2018.10.06"]
[Round "11"]
[White "Kobalia, Mikhail"]
[Black "Potapov, Pavel"]
[Result "1/2-1/2"]
[WhiteElo "2620"]
[BlackElo "2515"]
[Annotator "TA"]
[PlyCount "56"]
[EventDate "2018.10.05"]
[EventType "swiss"]
[EventCountry "RUS"]
[SourceTitle "playchess.com"]
[Source "ChessBase"]
[SourceQuality "1"]

{[%evp 17,56,13,23,8,8,29,29,39,45,27,51,61,42,52,41,31,58,65,102,91,97,54,62,0,0,0,0,0,20,-10,-10,-20,0,0,0,0,0,0,0,0,0]} 1. e4 c5 2. Nf3 Nc6 3. Bb5 g6 4. Bxc6 bxc6 5. O-O Bg7 6. Re1 Nf6 7. e5 Nd5 8. c4 Nc7 9. Nc3 Ne6 {LiveBook: 3 Games. B31: Sicilian: 2...Nc6 3 Bb5 g6} 10. d4 (10. d3 O-O 11. Be3 d6 12. exd6 exd6 13. Qd2 Nd4 14. Bxd4 cxd4 15. Ne4 f5 16. Neg5 Qf6 17. Nh3 h6 18. Nf4 Qf7 {1-0 (42) Kveinys,A (2520)-Wirig,A (2486) Chartres 2017}) 10... cxd4 11. Nxd4 Nxd4 {White has an edge.} 12. Qxd4 O-O $146 ({Predecessor:} 12... d6 13. Bf4 Be6 14. Qe4 dxe5 15. Rad1 Qb6 16. Bxe5 Bxe5 17. Qxe5 {1-0 (43) Shuvalova,P (2386)-Terbe,J (2263) Tarvisio 2017}) 13. Qh4 d6 14. Bg5 f6 15. exf6 exf6 16. Be3 Bf5 17. Rad1 Qb8 18. b3 Qb4 19. Bd4 d5 20. c5 ({Better is} 20. Na4 $14) 20... Rae8 $11 {The position is equal.} 21. f3 Bc2 22. Rd2 {[#] aiming for Rxe8.} f5 23. Rxe8 Rxe8 24. Qf2 {And now Bxg7 would win.} Re1+ 25. Qxe1 {Intending Qe8+ and mate.} Bxd4+ 26. Kh1 Qxc3 27. Qe8+ Kg7 {[#] ( -> ...Qa1+)} 28. Qe7+ Kg8 {Precision: White = 62%, Black = 58%.} 1/2-1/2

[Event "RUS-ch Rapid Men 2018"]
[Site "Sochi"]
[Date "2018.10.06"]
[Round "11"]
[White "Chigaev, Maksim"]
[Black "Moiseenko, Vadim"]
[Result "0-1"]
[WhiteElo "2599"]
[BlackElo "2492"]
[Annotator "ChessBase"]
[PlyCount "86"]
[EventDate "2018.10.05"]
[EventType "swiss"]
[EventCountry "RUS"]
[SourceTitle "playchess.com"]
[Source "ChessBase"]
[SourceQuality "1"]
[TimeControl "900+10"]

1. e4 {[%emt 0:00:00]} e5 {[%emt 0:01:30]} 2. Nf3 {[%emt 0:00:00]} Nc6 {[%emt 0:00:01]} 3. Bc4 {[%emt 0:00:05]} Nf6 {[%emt 0:00:05]} 4. Ng5 {[%emt 0:00:04]} d5 {[%emt 0:00:02]} 5. exd5 {[%emt 0:00:01]} Na5 {[%emt 0:00:01]} 6. Bb5+ {[%emt 0:00:02]} c6 {[%emt 0:00:01]} 7. dxc6 {[%emt 0:00:01]} bxc6 {[%emt 0:00:01]} 8. Be2 {[%emt 0:00:02]} h6 {[%emt 0:00:06]} 9. Nh3 {[%emt 0:00:01]} Bc5 {[%emt 0:00:17]} 10. Nc3 {[%emt 0:00:15]} O-O {[%emt 0:01:37]} 11. d3 {[%emt 0:00:05]} Rb8 {[%emt 0:00:23]} 12. O-O {[%emt 0:00:14]} Bf5 {[%emt 0:00:48]} 13. Kh1 {[%emt 0:00:02]} Bb6 {[%emt 0:00:57]} 14. f4 {[%emt 0:04:46]} e4 {[%emt 0:00:34]} 15. g4 {[%emt 0:00:03]} exd3 {[%emt 0:00:06]} 16. cxd3 {[%emt 0:00:01]} Bc8 {[%emt 0:00:57]} 17. f5 {[%emt 0:00:06]} Bc7 {[%emt 0:00:12]} 18. g5 {[%emt 0:02:53]} hxg5 {[%emt 0:00:24]} 19. Nxg5 {[%emt 0:00:03]} Rb4 {[%emt 0:02:12]} 20. Nce4 {[%emt 0:01:06]} Rb5 {[%emt 0:02:37]} 21. Bg4 {[%emt 0:01:29]} Rd5 {[%emt 0:00:01]} 22. Nxf6+ {[%emt 0:01:26]} Qxf6 {[%emt 0:00:10]} 23. Ne4 {[%emt 0:00:01]} Qh4 {[%emt 0:00:42]} 24. h3 {[%emt 0:02:18]} Ba6 {[%emt 0:01:14]} 25. Bg5 {[%emt 0:02:35]} Qh7 {[%emt 0:00:01]} 26. Qf3 {[%emt 0:00:41]} Bxd3 {[%emt 0:00:25]} 27. Rfd1 {[%emt 0:00:36]} Nc4 {[%emt 0:00:01]} 28. Bf4 {[%emt 0:00:23]} Bxf4 {[%emt 0:01:16]} 29. Qxf4 {[%emt 0:00:01]} Rfd8 {[%emt 0:00:13]} 30. Nf2 {[%emt 0:00:22]} Ne5 {[%emt 0:00:34]} 31. Nxd3 {[%emt 0:00:13]} Nxd3 {[%emt 0:00:02]} 32. Qe3 {[%emt 0:00:11]} Qh4 {[%emt 0:00:30]} 33. Rf1 {[%emt 0:00:01]} Rd4 {[%emt 0:01:01]} 34. Kg2 {[%emt 0:00:06]} Nxb2 {[%emt 0:00:17]} 35. Rae1 {[%emt 0:00:21]} Nd3 {[%emt 0:00:23]} 36. Re2 {[%emt 0:00:09]} c5 {[%emt 0:00:07]} 37. f6 {[%emt 0:00:04]} gxf6 {[%emt 0:00:02]} 38. Bf5 {[%emt 0:00:08]} Nf4+ {[%emt 0:00:06]} 39. Kh1 {[%emt 0:00:09]} Nxe2 {[%emt 0:00:27]} 40. Qxe2 {[%emt 0:00:01]} Kf8 {[%emt 0:00:16]} 41. Rg1 {[%emt 0:00:31]} R4d5 {[%emt 0:00:40]} 42. Qf3 {[%emt 0:00:11]} Re5 {[%emt 0:00:16]} 43. Bb1 {[%emt 0:00:10]} Re1 {[%emt 0:00:03]} 0-1

[Event "RUS-ch Rapid Men 2018"]
[Site "Sochi"]
[Date "2018.10.06"]
[Round "11"]
[White "Antipov, Mikhail Al."]
[Black "Kozak, Alexander"]
[Result "1/2-1/2"]
[WhiteElo "2593"]
[BlackElo "2262"]
[Annotator "TA"]
[PlyCount "217"]
[EventDate "2018.10.05"]
[EventType "swiss"]
[EventCountry "RUS"]
[SourceTitle "playchess.com"]
[Source "ChessBase"]
[SourceQuality "1"]

{[%evp 14,217,37,31,36,33,25,43,20,39,49,33,44,10,25,-33,-31,-32,-12,-73,-68,-87,-94,-83,-82,-95,-97,-108,-91,-206,-201,-235,-36,-54,0,-16,-18,-14,0,-336,-370,-373,-319,-354,-339,-338,0,-252,0,-240,-226,-281,-229,-200,-16,-215,-226,-233,0,-268,302,-70,300,294,289,294,277,289,278,268,252,254,267,93,295,283,262,257,413,405,413,411,407,396,323,318,275,246,223,247,241,196,282,143,213,159,174,145,135,128,381,325,404,403,386,361,388,205,535,539,564,447,522,514,697,354,779,755,745,0,246,0,8,0,0,0,0,0,0,0,0,0,0,0,0,0,0,0,0,0,0,0,0,0,0,0,0,0,0,0,0,0,0,0,0,0,0,0,0,0,0,0,0,0,0,0,0,-12842,-12843,-12839,-12839,-12840,0,-992,0,-12840,0,0,0,0,0,0,0,0,0,0,0,0,0,0,0,0,0,0,0,0,0,0,0,0,0,0,0,0,0,0]} 1. e4 c6 2. d4 d5 3. e5 c5 4. dxc5 e6 5. a3 (5. Nf3 Bxc5 6. a3 Nd7 7. Bd3 f6 8. b4 Be7 9. Bb2 fxe5 10. Nxe5 Nxe5 11. Bxe5 Bf6 12. O-O Nh6 13. Bxf6 Qxf6 {1-0 (70) Jakovenko,D (2735)-Fedoseev,V (2706) Poikovsky 2018}) 5... Bxc5 6. b4 {B12: Caro-Kann: Advance Variation} Bb6 7. Bd3 Nc6 8. Nf3 {LiveBook: 26 Games. White is slightly better.} a5 9. b5 Nxe5 10. Nxe5 Bd4 $1 {[%cal Rd4a1]} 11. Nxf7 $1 (11. Qh5 g6 $17) 11... Qf6 {[%csl Gd4][%cal Rf6f2]} 12. O-O Qxf7 13. Ra2 $146 (13. c3 {keeps more tension.} Bf6 14. f4 Ne7 15. a4 O-O 16. Ba3) 13... e5 14. Be3 (14. c3 $1 $11 Bc5 15. Nd2) 14... Bxe3 $15 15. fxe3 Nf6 16. Nc3 (16. c4 $11) 16... Be6 $36 {[%mdl 2048] Black has the initiative.} 17. e4 d4 $1 18. Nd5 Bxd5 19. exd5 Qxd5 20. c4 Qc5 (20... dxc3 $6 21. Rxf6 $1 {[%mdl 512]} e4 22. Rff2 $11) 21. Rxf6 (21. g4 $17) 21... gxf6 $19 22. Qg4 Kf7 $2 (22... Rf8 $19 23. Bxh7 Kd8) 23. Rf2 $15 Rae8 (23... Rad8 $15) 24. Be4 Rd8 {...Rhf8 is the strong threat.} 25. Qg5 $1 {[%cal Rg5f6]} Qe7 {[#]} 26. c5 $2 {[%mdl 8192]} (26. Bxb7 $1 $11 {[%mdl 512]} d3 (26... Qxb7 27. Qxf6+) 27. Bd5+ Rxd5 28. Qh5+ (28. cxd5 e4 $11) 28... Kg7 29. Qg4+ Kf7 30. cxd5) 26... d3 $1 $19 27. Qh5+ Kg7 28. Qg4+ Kf8 29. Qh4 Kg7 $2 (29... Rd4 $19 30. Qh6+ Kg8) 30. Qg3+ $2 {[%mdl 8192]} (30. Qg4+ $1 $11 Kf8 31. Qh4) 30... Kf8 $2 ({Better is} 30... Kf7 $1 $19 31. Bxd3 Qxc5) 31. Bxd3 $2 (31. Qh4 $11 {and White is okay.} Rd4 32. Qh6+ Kg8 33. Qe3) 31... Qxc5 32. h3 Rd6 33. Kh2 Qxa3 $2 (33... Qd4 $19 34. Bf5 Rg8) 34. Rf3 $2 (34. Qxe5 $11 Qxd3 35. Rxf6+ Rxf6 36. Qxf6+ Kg8 37. Qe6+ Kg7 38. Qe7+ Kh6 39. Qf6+ Qg6 40. Qxh8) 34... Qc5 35. Be4 Qxb5 $2 (35... Rg8 $19 36. Qh4 Rg7 37. Rxf6+ Kg8) 36. Rc3 $2 {[%mdl 8192]} (36. Rb3 $1 $11 {and White has nothing to worry.} Qe8 37. Rxb7) 36... Re6 $4 {[%mdl 8192]} (36... Qd7 $19 {aiming for ...Rg8.} 37. Qe1 Qe7 38. Rc8+ Rd8) 37. Qg4 $2 (37. Rc8+ $18 Re8 38. Rc7) 37... Re7 $2 {[%mdl 8192]} (37... Qd7 $15 {keeps the upper hand.} 38. Rd3 h5) 38. Rc8+ $1 $18 Re8 39. Rc7 $1 {[%csl Gc7,LRb7,LRh7][%cal Rg4g7]} Re7 40. Rxe7 Kxe7 {[%mdl 4096] Endgame KQR-KQB} 41. Qg7+ Ke6 42. Qxh8 Qd7 43. Qf8 $2 (43. Qg8+ $18 Ke7 44. Qxh7+ Kd6 45. Qh6) 43... Qd4 $2 (43... a4 $16) 44. Qc8+ (44. Bxb7 $6 a4 $18) (44. Bxh7 Qf4+ 45. Kg1 Qe3+ 46. Kf1 b6 $16) 44... Kd6 45. Qb8+ ({But not} 45. Bxb7 $6 a4 $16) 45... Kc5 $2 (45... Ke6) 46. Qc7+ Kb4 47. Qxb7+ Kc3 48. Qc7+ Kb4 49. Qxh7 a4 50. Qe7+ Kb3 51. Qb7+ Kc3 52. Qc6+ Kb4 (52... Qc4 $142 53. Qa8 Kb2 54. Qb8+ Kc3) 53. Bd5 ({White should try} 53. Bg6 $18) 53... a3 (53... f5 $16 54. Qd6+ Ka5 55. Qc7+ Kb5) 54. Qd6+ Ka4 55. Qd7+ Kb4 56. Qb7+ $1 Kc5 $2 {[%mdl 8192]} (56... Kc3 $16) 57. Bf7 Qf4+ 58. g3 ({Weaker is} 58. Kg1 Qe3+ 59. Kh2 Qf4+ 60. g3 Qd2+ 61. Qg2 Qb2 $18) 58... Qd2+ 59. Qg2 Qb2 60. h4 (60. Qxb2 $142 axb2 61. Ba2) 60... e4 $2 (60... Kd6 {is more resistant.} 61. Kh3 Qxg2+ 62. Kxg2 Ke7) 61. Kh3 f5 62. Qg1+ Kd6 {intending ...a2.} 63. Qf1 Ke5 64. Qa6 e3 $2 (64... Qc1 65. Qe6+ Kd4 66. Qf6+ Kd3 67. Qxf5 Qh1+ 68. Kg4 Qd1+ 69. Kg5 Qc1+ 70. Kh5 Qc3) 65. Qe6+ Kd4 66. Qf6+ $2 (66. Qc4+ $18 Ke5 67. Qf4+ Kf6 68. Bd5) 66... Ke4 $2 (66... Kd3 $11 {and Black stays safe.} 67. Qxf5+ Kd2) 67. Qc6+ $2 ({Only move:} 67. Qd6 $1 $18 {[%csl Gf7][%cal Rd6d5]} Qb5 68. Qf4+ (68. Qxa3 Qf1+ 69. Kh2 Qf2+ 70. Kh3 Qf1+ 71. Kh2 Qf2+ 72. Kh3 Qf1+ $11) 68... Kd3 69. Be6) 67... Kd3 $11 68. Qd5+ Kc3 69. Qa5+ Qb4 70. Qxf5 {Threatens to win with Bg6.} e2 71. Qf2 {White wants to mate with Qe1+.} Kd2 72. Bh5 Qe4 73. Bxe2 $1 Qxe2 {KQ-KQ} 74. Qc5 {Hoping for Qb4+.} Qe6+ 75. Kh2 a2 76. Qa5+ Kc2 {White must now prevent ...Qe2+.} 77. Qc5+ Kb3 78. Qb5+ Kc3 79. Qa5+ Kb2 80. Qd2+ Ka3 81. Qc1+ Ka4 82. Qf4+ Kb5 83. Qb8+ Kc4 84. Qb2 Kd3 85. Qa3+ Kc2 86. Qc5+ Kd3 87. Qa3+ Ke4 {And now ...Qc4 would win.} 88. h5 Qc4 {Strongly threatening ...Qe2+.} 89. Qb2 Kd3 {( -> ...Qc2+)} (89... Qa6 $5 90. Qb4+ $8 Kf3 91. Qf4+ Ke2 92. Qe4+ Kd2 93. Qf4+ Kc2 94. Qf2+ Kd1 95. Qd4+ Kc2 96. Qf2+ Kc1 97. Qe3+ Kc2 98. Qf2+ $11) 90. Kh3 $2 {[%mdl 8192]} (90. Qf6 $11) 90... Qe6+ $19 91. Kh4 {[#]} Qe7+ $1 92. Kh3 Qe6+ (92... Qd7+ $142 93. g4 Qa4) 93. Kh4 $1 {Now Qa3+ and White clings on.} Qe7+ (93... Qf7 $142 94. Qa3+ Ke2 95. Qb2+ Kf1) 94. Kh3 {[#]} Qe2 $2 (94... Qd7+ $1 $19 95. g4 Qa4) 95. Qa3+ $11 {The position is equal.} Kd4 96. Qd6+ Kc3 97. Qa3+ Kd4 98. Qd6+ Ke3 99. Qb6+ Kd2 100. Qb2+ Ke1 101. Qa1+ Kf2 {[%cal Re2h5]} 102. Qd4+ Qe3 (102... Kf1 $5 103. Qa1+ $8 Kf2 104. Qd4+ Kf1 105. Qa1+ Kf2 $11) 103. Qb2+ Qe2 104. Qd4+ Kf1 105. Qa1+ $1 Kf2 {[%cal Re2h5]} 106. Qd4+ Ke1 (106... Kf1 $5 107. Qa1+ $8 Kf2 $11) 107. Qa1+ Kf2 {[%cal Re2h5]} 108. Qd4+ Qe3 (108... Kf1 $5 109. Qa1+ $8 Kf2 $11) 109. Qb2+ {Precision: White = 55%, Black = 43%.} 1/2-1/2

[Event "RUS-ch Rapid Men 2018"]
[Site "Sochi"]
[Date "2018.10.06"]
[Round "11"]
[White "Maletin, Pavel"]
[Black "Kezin, Roman"]
[Result "1-0"]
[WhiteElo "2586"]
[BlackElo "2471"]
[Annotator "TA"]
[PlyCount "77"]
[EventDate "2018.10.05"]
[EventType "swiss"]
[EventCountry "RUS"]
[SourceTitle "playchess.com"]
[Source "ChessBase"]
[SourceQuality "1"]

{[%evp 12,77,29,15,22,-5,-13,0,0,0,0,0,16,0,17,0,0,-7,0,0,4,14,37,49,21,17,19,19,60,67,64,66,55,66,82,79,75,38,38,38,38,41,45,0,10,0,16,8,8,6,24,5,6,8,8,0,0,0,0,0,71,69,346,327,493,471,687,667]} 1. c4 e6 2. g3 d5 3. Bg2 Nf6 4. Nf3 Be7 5. O-O O-O 6. d4 dxc4 7. Qc2 b6 {E05: Open Catalan: 5 Nf3 Be7} 8. Nfd2 c6 9. Nxc4 Qxd4 {The position is equal.} 10. Rd1 Qc5 11. b3 {Ba3 is the strong threat.} Qh5 $146 ({Predecessor:} 11... Na6 12. Bb2 Bb7 13. a3 Rad8 14. Nbd2 Qh5 15. Bf3 {1-0 (56) Gelfand,B (2703)-Laznicka,V (2662) Novy Bor 2018}) 12. Bb2 Nbd7 13. Bxc6 Ng4 14. h4 Qc5 15. Ne3 $1 $40 {[%mdl 128] Black needs to defend precisely.} Nxe3 16. Qxc5 Bxc5 17. fxe3 Rb8 18. Rxd7 Bxd7 19. Bxd7 Rbd8 20. Bb5 $1 Bxe3+ 21. Kg2 Rd1 22. Na3 Rxa1 23. Bxa1 Rd8 24. Bd3 (24. Nc2 {seems wilder.} Bc5 25. Bd3 f6 26. Bb2 Kf7 27. b4) 24... Bd4 25. Bxd4 Rxd4 26. Nb5 Rd7 27. b4 h6 28. a4 Kf8 29. Kf3 Ke7 30. Ke3 f5 31. h5 Kf6 32. Nd4 Rc7 33. a5 bxa5 34. bxa5 a6 $1 35. Kd2 Ke5 {[#]} (35... e5 $11 36. Nxf5 Rc5) 36. e3 $1 $16 Rc5 $2 {[%mdl 8192]} (36... Kf6 $1 $14) 37. Bxa6 $18 Kf6 {[#]} (37... Kd6 $142 38. Nb3 Rd5+ 39. Bd3 Kc7) 38. Nb3 $1 {[%cal Rb3c5]} Rd5+ (38... Rc7 $142 39. Bd3 e5) 39. Kc3 {Precision: White = 68%, Black = 53%.} 1-0

[Event "RUS-ch Rapid Men 2018"]
[Site "Sochi"]
[Date "2018.10.06"]
[Round "11"]
[White "Rozum, Ivan"]
[Black "Dzhumagaliev, Yan"]
[Result "1/2-1/2"]
[WhiteElo "2573"]
[BlackElo "2410"]
[Annotator "TA"]
[PlyCount "68"]
[EventDate "2018.10.05"]
[EventType "swiss"]
[EventCountry "RUS"]
[SourceTitle "playchess.com"]
[Source "ChessBase"]
[SourceQuality "1"]

{[%evp 20,68,42,42,92,79,80,78,79,72,87,87,87,89,95,94,92,80,88,83,87,67,92,102,98,64,85,-171,-165,-170,-178,-166,-189,-208,-196,-190,-197,-221,-235,-207,-170,-152,0,-208,0,-160,0,-265,-248,-189,0]} 1. c4 e6 2. Nc3 d5 3. e3 Nf6 4. Nf3 Be7 5. b3 c5 6. Bb2 Nc6 7. cxd5 exd5 8. d4 O-O 9. Be2 cxd4 10. Nxd4 Ne5 11. O-O Bd7 $146 {D46: Semi-Slav: 5 e3 Nbd7 6 Bd3, Black avoids the Meran} ({Predecessor:} 11... Bd6 12. Nf3 Be6 13. Nb5 Nxf3+ 14. Bxf3 Bb8 15. Qd4 a6 16. Nc3 Qd6 17. g3 Qe5 18. Ne2 Qg5 19. Nf4 Ba7 {½-½ (31) Leconte,M (2208)-Monpeurt,C (2168) Brest 2018}) 12. Nf3 Nxf3+ 13. Bxf3 Bc6 {White is better.} 14. Qd4 Qd7 15. Rfd1 Rfd8 16. Rac1 Qf5 17. Ne2 h6 18. Ng3 Qe6 19. Rc2 a5 20. a4 Bb4 21. Be2 Bf8 22. Bd3 (22. h3 {with more complications.} Rab8 23. Rcc1 Rbc8 24. Nh5 Nxh5 25. Bxh5 Ra8 26. Bf3) 22... Ne4 23. Bxe4 $4 {[%mdl 8192] [#]} (23. Nh5 $16) 23... dxe4 $19 24. Qxd8 Rxd8 25. Rxd8 Qxb3 26. Rcd2 f6 27. Nf5 Qxa4 ({But not} 27... Bxa4 28. g4 $15) 28. h3 {[#]} Qb4 $1 29. R8d4 Qb5 30. Rd8 Qb4 (30... Qxf5 $17 31. Ba3 Qb5 32. Bxf8 Kf7) 31. R8d4 $1 {[%cal Rd4b4]} Qb5 32. Rd8 $1 {next Rxf8+! is good for White.} Qb4 (32... Qxf5 $17 33. Ba3 Qb5 34. Bxf8 Kf7) 33. R8d4 $1 {[%cal Rd4b4]} Qc5 34. Rd8 Qb4 $2 {Precision: White = 63%, Black = 58%.} (34... Kf7 $19 35. Nd4 a4) 1/2-1/2